India-Pakistan in war and peace -(E-BOOK) (Record no. 192704)
[ view plain ]
| 000 -LEADER | |
|---|---|
| fixed length control field | 01296 a2200253 4500 |
| 003 - CONTROL NUMBER IDENTIFIER | |
| control field | Nust |
| 005 - DATE AND TIME OF LATEST TRANSACTION | |
| control field | 20170207154042.0 |
| 020 ## - INTERNATIONAL STANDARD BOOK NUMBER | |
| International Standard Book Number | 0-415-30472-5 : |
| 035 ## - SYSTEM CONTROL NUMBER | |
| System control number | (Uk)gb A20W6342 |
| 035 ## - SYSTEM CONTROL NUMBER | |
| System control number | 6988427 |
| 040 ## - CATALOGING SOURCE | |
| Transcribing agency | Nust |
| 082 04 - DEWEY DECIMAL CLASSIFICATION NUMBER | |
| Classification number | 327.5405491 |
| 100 1# - MAIN ENTRY--PERSONAL NAME | |
| Personal name | Dixit, J. N. |
| 245 10 - TITLE STATEMENT | |
| Title | India-Pakistan in war and peace -(E-BOOK) |
| Statement of responsibility, etc. | J.N. Dixit. |
| 260 ## - PUBLICATION, DISTRIBUTION, ETC. | |
| Place of publication, distribution, etc. | London : |
| Name of publisher, distributor, etc. | Routledge, |
| Date of publication, distribution, etc. | 2002. |
| 300 ## - PHYSICAL DESCRIPTION | |
| Extent | 501 p. ; |
| Dimensions | 24 cm. |
| 500 ## - GENERAL NOTE | |
| General note | Originally published: India : Books Today, 2002. |
| 505 ## - FORMATTED CONTENTS NOTE | |
| Formatted contents note | Introduction (Page-1) IC-814 to Kandahar (Page-10) Implications of the Kargil War (Page-25) Tunnel Visionaries (Page-72) Wellsprings of Antagonism (Page-91) From Democracy to Dictatorship and War (Page-122) The Break-up of Pakistan: Mujibnagar to Simla—The Advent of Zia-ul-Haq (Page-161) Coup to Coup: Pakistan, 1972–1999 (Page-232) Kashmir: The Intractable Bone of Contention (Page-302) India and Pakistan—Nuclear Weapons States (Page-322) Retrospect and Prospects (Page-346) The Agra Summit and After (Page-396) Uncertainties or Opportunities (Page-411) |
| 651 #0 - SUBJECT ADDED ENTRY--GEOGRAPHIC NAME | |
| Geographic name | India |
| General subdivision | Foreign relations |
| Geographic subdivision | Pakistan. |
| 651 #0 - SUBJECT ADDED ENTRY--GEOGRAPHIC NAME | |
| Geographic name | India |
| General subdivision | Politics and government |
| Chronological subdivision | 20th century. |
| 651 #0 - SUBJECT ADDED ENTRY--GEOGRAPHIC NAME | |
| Geographic name | Pakistan |
| General subdivision | Foreign relations |
| Geographic subdivision | India. |
| 651 #0 - SUBJECT ADDED ENTRY--GEOGRAPHIC NAME | |
| Geographic name | Pakistan |
| General subdivision | Politics and government. |
| 655 ## - INDEX TERM--GENRE/FORM | |
| Genre/form data or focus term | E-BOOK |
| 942 ## - ADDED ENTRY ELEMENTS (KOHA) | |
| Source of classification or shelving scheme | |
| Koha item type | Book |
| Withdrawn status | Lost status | Source of classification or shelving scheme | Damaged status | Not for loan | Collection code | Permanent Location | Current Location | Date acquired | Total Checkouts | Full call number | Barcode | Date last seen | Price effective from | Koha item type |
|---|---|---|---|---|---|---|---|---|---|---|---|---|---|---|
| Military College of Signals (MCS) | Military College of Signals (MCS) | 12/12/2016 | 327.5405491 DIX | MCSEB-2263 | 12/08/2016 | 12/12/2016 | Book |
